Înscrierea pe orbită
Saved in:
| Main Author: | |
|---|---|
| Format: | Book |
| Language: | Romanian, Moldovan |
| Published: |
Iaşi
Timpul
2007
|
| Subjects: | |
| Tags: |
No Tags, Be the first to tag this record!
|
MARC
| LEADER | 00000nam a2200000 4500 | ||
|---|---|---|---|
| 001 | 0279354 | ||
| 005 | 20240416113604.4 | ||
| 020 | |a 978-973-612-288-0 | ||
| 041 | 0 | |a rum | |
| 044 | |a RO | ||
| 245 | 1 | 0 | |a Înscrierea pe orbită |c Vasile Spiridon |
| 264 | 1 | |a Iaşi |b Timpul |c 2007 | |
| 300 | |a 310 s. [14,9 AH] | ||
| 610 | 2 | 0 | |a kultúra |
| 610 | 2 | 0 | |a literatúra |
| 610 | 2 | 0 | |a rumunčina |
| 100 | 1 | |a Spiridon, Vasile, 1958- | |